000 00497nam a2200169 i 4500
001 51703
003 ES-MaACL
005 20230906162421.0
007 t|
008 030818s1971 sp ||||1| spa d
100 0 _aDaniélou, Jean.
_942633
245 1 3 _aLa resurrección /
_cJean Danielou ; versión de Amalia de Miguel y Miguel.
260 _aMadrid :
_bStudium,
_c[1971]
300 _a119 p. ;
_c18 cm.
700 1 _aMiguel y Miguel, Amalia de.
_981038
852 _aES-MaACL
_jC-48166
_bR.77208
999 _c51703
_d51703